LEADER 00915nam0-22003011i-450- 001 990004364200403321 005 20050330104659.0 035 $a000436420 035 $aFED01000436420 035 $a(Aleph)000436420FED01 035 $a000436420 100 $a19990604d1944----km-y0itay50------ba 101 0 $aita 105 $ay-------001yy 200 1 $aLinee di storia del socialismo$fGiacomo Perticone 205 $a2. ed. 210 $aMilano$cIstituto per gli studi di politica internazionale$dstampa 1944. 215 $a351 p.$d18 cm 225 1 $aManuali di politica internazionale$v29 676 $a335.009$v21$zita 700 1$aPerticone,$bGiacomo$f<1892-1979>$068356 801 0$aIT$bUNINA$gRICA$2UNIMARC 901 $aBK 912 $a990004364200403321 952 $a335.009 PER 1 (2. ed.)$bI.st.r.c.706$fFLFBC 959 $aFLFBC 996 $aLinee di storia del socialismo$9541014 997 $aUNINA LEADER 01071cam0-22002891i-450- 001 990001153330403321 005 20161102165637.0 035 $a000115333 035 $aFED01000115333 035 $a(Aleph)000115333FED01 035 $a000115333 100 $a20001205d1719----km-y0itay50------ba 101 0 $alat 140 $aa-------------------bb0----- 200 1 $aOptice sive De reflexionibus, refractionibus, inflexionibus & coloribus lucis, libri tres. Authore Isaaco Newton ... Latine reddidit Samuel Clarke ... 205 $aEditio secunda, auctior 210 $aLondini$cimpensis Gul. & Joh. Innys regiae societatis typographorum ad insignia Principis in area occidentali D. Pauli$d1719 215 $a[2], xi, [1], 415, [3] p., V, IV, II, I c. di tav. ripieg.$cill.$d8° 306 $aMarca non controllata sul front. 620 $aGran Bretagna.$dLondra 700 1$aNewton,$bIsaac$f<1642-1727>$04135 801 0$aIT$bUNINA$gRICA$2UNIMARC 901 $aAQ 912 $a990001153330403321 952 $a212-C-13$b03059$fMA1 959 $aMA1 997 $aUNINA LEADER 01294nam 2200409 450 001 9910811863903321 005 20230807212937.0 010 $a2-335-16796-0 035 $a(CKB)3710000000853666 035 $a(EBL)4678966 035 $a(MiAaPQ)EBC4678966 035 $a(Au-PeEL)EBL4678966 035 $a(CaPaEBR)ebr11265642 035 $a(OCoLC)958560663 035 $a(EXLCZ)993710000000853666 100 $a20200121d2015 uy 0 101 0 $afre 135 $aur|n|---||||| 181 $ctxt$2rdacontent 182 $cc$2rdamedia 183 $acr$2rdacarrier 200 14$aLes morts myste?rieuses de l'histoire$hTome II$iRois, reines et princes franc?ais de Louis XIII a? Napole?on III /$fAugustin Cabane?s 210 1$a[Place of publication not identified] :$cLigaran,$d[2015] 210 4$dİ2015 215 $a1 online resource (198 p.) 225 0 $aLivre nume?rique 300 $aDescription based upon print version of record. 607 $aFrance$xKings and rulers$xDeath 676 $a393.086210944 700 $aCabane?s$b Augustin$f1862-1928,$0389486 801 0$bMiAaPQ 801 1$bMiAaPQ 801 2$bMiAaPQ 906 $aBOOK 912 $a9910811863903321 996 $aLes morts myste?rieuses de l'histoire$93978036 997 $aUNINA